Foundations of multinational financial management

Main Author: Shapiro,Alan C. (Author)
Published: New York: Wiley, 2005
Edition:Fifth edition
Subjects:
LEADER 00885cam a2200265 7i4500
001 0000043703
005 20250408090000.0
008 250408t20052005enka ### #00001eng##
020 # # |a 0471563374  
020 # # |a 0471661171  
040 # # |a UMT   |b eng   |c UMT   |e rda 
090 0 0 |a HG 4027.5   |b .S5 2005 
100 1 # |a Shapiro,Alan C.   |e author  
245 1 0 |a Foundations of multinational financial management   |c Alan C. Shapiro. 
250 # # |a Fifth edition 
264 # 1 |a New York:   |b Wiley,   |c 2005 
264 # 4 |c ♭2005 
300 # # |a xvi, 613 pages:   |b illustrations;   |c 27 cm 
336 # # |a text --   |2 rdacontent 
337 # # |a unmediated --   |2 rdamedia 
338 # # |a volume --   |2 rdacarrier 
590 # # |a Pusat Pengajian Perniagaan dan Pengurusan Maritim 
650 # 0 |a International business enterprises --   |x Finance  
650 # 0 |a Decision making  
999 |a 1100035089  |b Book  |c Open Shelf  |e KOLEKSI TERBUKA